| 000 | 00765nam a2200217 i 4500 | ||
|---|---|---|---|
| 001 | 160663 | ||
| 003 | ES-MaACL | ||
| 005 | 20230906212111.0 | ||
| 008 | 010516s1904 sp |||| | spa d | ||
| 100 | 1 |
_aNikolich. _9168937 |
|
| 245 | 1 | 3 |
_aLa vida militar en Rusia / _cpor Nicolitch ; traducción de Painvin. |
| 260 |
_aBarcelona : _bRevista Científico Militar y Biblioteca Militar, _c1904 ( _fCastillo) |
||
| 300 |
_a260 p. ; _c17 cm. |
||
| 490 | 1 | _aPublicaciones de la Revista Científica Militar | |
| 651 | 4 |
_aRusia- _xHistoria militar. _9168936 |
|
| 700 | 1 |
_aPainvin. _9130778 |
|
| 752 |
_aEspaña - _dBarcelona |
||
| 830 | 0 |
_aPublicaciones de la Revista Científica Militar _9222063 |
|
| 852 |
_aES-MaACL _jG-9909 _z- Enc. hol. |
||
| 999 |
_c160663 _d160663 |
||